BIOTECHNOLOGY and plant genetic resources : Conservation and use

Bibliographic Details
Other Authors: Callow, Ford-Lloyd, Newbury
Format: Book
Published: Wallingford, Oxon, UK ; New York, NY, USA : CAB International , 1997
Series:Biotechnology in agriculture series; 19
Subjects:

MARC

LEADER 00000cam a2200000 7i4500
001 0000000417
005 20020306.0
020 0 0 |a 0851991424 
090 0 0 |a 631.523   |b BIO 1997 
245 0 0 |a BIOTECHNOLOGY and plant genetic resources :   |b Conservation and use   |c edited by J. A. Callow, B. V. Ford-Lloyd and H. J. Newbury 
260 0 0 |a Wallingford, Oxon, UK ; New York, NY, USA :   |b CAB International ,   |c 1997 
300 |a xii, 308 p. :   |b ill., maps ;   |c 24 cm. 
440 0 0 |a Biotechnology in agriculture series; 19 
500 0 0 |a Includes bibliographical references and index. 
650 0 0 |a Germplasm resources, Plant 
650 0 0 |a Plant biotechnology 
700 0 1 |a Callow   |h J. A. 
700 0 1 |a Ford-Lloyd   |h Brian 
700 0 1 |a Newbury   |h H. J. 
998 |a JPSM 
999 |a 0000001595   |b Monograph   |c Open Shelf   |e Default branch